Electrical insulating materials and their applications

Na minha lista:
Detalhes bibliográficos
Autor principal: Sillars, R.W (Author)
Formato: Livro
Idioma:inglês
Publicado em: London : Peter Peregrinus, 1973
Tags: Adicionar Tag
Sem tags, seja o primeiro a adicionar uma tag!

MARC

LEADER 00000nam a22000003a 4500
001 stu224874
005 20150617230115.2
008 110504s1973----uk------------------eng-d
040 |a STU  |b slo 
041 0 |a eng 
044 |a uk 
080 |a 621.315.6 
100 1 |a Sillars, R.W.  |4 aut 
245 1 |a Electrical insulating materials and their applications 
260 |a London :  |b Peter Peregrinus,  |c 1973 
996 |b E36301  |c E*36301  |l EE05  |s P  |a 0  |w stu224874_0001